| 000 -LEADER |
| fixed length control field |
00903nam a2200265 a 4500 |
| 008 - FIXED-LENGTH DATA ELEMENTS--GENERAL INFORMATION |
| fixed length control field |
200319s2014 ii ad||g m|||a00| 0 eng d |
| 040 ## - CATALOGING SOURCE |
| Original cataloging agency |
IMU Kochi Library |
| Language of cataloging |
eng |
| 041 0# - LANGUAGE CODE |
| Language code of text/sound track or separate title |
eng |
| 044 ## - COUNTRY OF PUBLISHING/PRODUCING ENTITY CODE |
| MARC country code |
ii |
| 082 04 - DEWEY DECIMAL CLASSIFICATION NUMBER |
| Edition number |
23 |
| Classification number |
378.242 |
| Item number |
IRM1317 |
| 100 1# - MAIN ENTRY--PERSONAL NAME |
| Researcher |
Kumar, Vishnu S. |
| Relator term |
Researcher |
| 245 20 - TITLE STATEMENT |
| Title |
A Study on Export Procedure and Container Handling Operations in DP World / |
| 260 ## - PUBLICATION, DISTRIBUTION, ETC. (IMPRINT) |
| Place of publication, distribution, etc |
Kochi : |
| Name of publisher, distributor, etc |
Indian Maritime University, |
| Date of publication, distribution, etc |
2014 |
| 300 ## - PHYSICAL DESCRIPTION |
| Extent |
66 p. : |
| Other physical details |
ill., charts ; |
| Dimensions |
29 cm. |
| 490 0# - SERIES STATEMENT |
| Series statement |
MBA Internship 2013-15 ; |
| Volume number/sequential designation |
13500082018 |
| 502 ## - DISSERTATION NOTE |
| Dissertation note |
Internship (MBA)–Indian Maritime University. School of Maritime Management, 2014. |
| 610 20 - SUBJECT ADDED ENTRY--CORPORATE NAME |
| Corporate name or jurisdiction name as entry element |
DP World, Cochin |
| 650 #0 - SUBJECT ADDED ENTRY--TOPICAL TERM |
| Topical term or geographic name as entry element |
Export controls |
| 650 #0 - SUBJECT ADDED ENTRY--TOPICAL TERM |
| Topical term or geographic name as entry element |
Container terminals |
| 655 #7 - INDEX TERM--GENRE/FORM |
| Source of term |
lcsh |
| Genre/form data or focus term |
Dissertations, Academic |
| Chronological subdivision |
2014 |
| 700 1# - ADDED ENTRY--PERSONAL NAME |
| Guide(s) |
P. A., Jayan |
| Titles and other words associated with a name |
Dr. |
| Relator term |
Guide |
| 852 ## - LOCATION/CALL NUMBER |
| Location |
IMU Kochi Library |
| 904 ## - LOCAL DATA ELEMENT D, LDD (RLIN) |
| CATALOGER |
Reshma Rajesh |
| 942 ## - ADDED ENTRY ELEMENTS (KOHA) |
| Item type |
Thesis |